Pakistan customs tariff / (Record no. 10907)
[ view plain ]
| 000 -LEADER | |
|---|---|
| fixed length control field | 00869cam a2200277 a 4500 |
| 001 - CONTROL NUMBER | |
| control field | 10907 |
| 003 - CONTROL NUMBER IDENTIFIER | |
| rucl marc code | BD-RjUL |
| 005 - DATE AND TIME OF LATEST TRANSACTION | |
| control field | 20211208235034.0 |
| 008 - FIXED-LENGTH DATA ELEMENTS--GENERAL INFORMATION | |
| fixed length control field | 140125s1966 pk ar l 0 0eng d |
| 035 ## - SYSTEM CONTROL NUMBER | |
| System control number | 10956 |
| 040 ## - CATALOGING SOURCE | |
| Original cataloging agency | DLC |
| Language of cataloging | eng |
| Transcribing agency | DLC |
| Modifying agency | DLC |
| -- | UKMGB |
| -- | BD-RjUL |
| 041 ## - LANGUAGE CODE | |
| Language code of text/sound track or separate title | eng |
| 082 04 - DEWEY DECIMAL CLASSIFICATION NUMBER | |
| Edition number | 20 |
| Classification number | 382.92 |
| Author mark and year | PAK |
| 110 1# - MAIN ENTRY--CORPORATE NAME | |
| Corporate name or jurisdiction name as entry element | Goverment of Pakistan Ministry of commerce |
| 9 (RLIN) | 59949 |
| 245 10 - TITLE STATEMENT | |
| Title | Pakistan customs tariff / |
| 250 ## - EDITION STATEMENT | |
| Edition statement | 3rd Ed |
| 260 ## - PUBLICATION, DISTRIBUTION, ETC. (IMPRINT) | |
| Place of publication, distribution, etc. | Karachi : |
| Name of publisher, distributor, etc. | Print. & Pub. Dpt., C.P.F., Customs House, |
| Date of publication, distribution, etc. | 1966 |
| 300 ## - PHYSICAL DESCRIPTION | |
| Pagination | viii,287p : |
| Size | 28 cm. |
| 515 ## - NUMBERING PECULIARITIES NOTE | |
| Numbering peculiarities note | Issued in 2 vols. |
| 650 #0 - SUBJECT ADDED ENTRY--TOPICAL TERM | |
| Topical term or geographic name as entry element | Tariff |
| General subdivision | Law and legislation |
| Geographic subdivision | Pakistan. |
| 9 (RLIN) | 9491 |
| 780 00 - PRECEDING ENTRY | |
| Title | Pakistan customs tariff & import trade guide (Karachi, Pakistan :1985) |
| Record control number | (DLC) 88647463 |
| -- | (OCoLC)18010442 |
| 942 ## - ADDED ENTRY ELEMENTS (KOHA) | |
| Source of classification or shelving scheme | Dewey Decimal Classification |
| Koha item type | Books |
| Lost status | Source of classification or shelving scheme | Damaged status | Not for loan | Collection code | Permanent Location | Current Location | Shelving location | Date acquired | Source of acquisition | Cost, normal purchase price | Total Checkouts | Full call number | Date last seen | Copy number | Koha item type |
|---|---|---|---|---|---|---|---|---|---|---|---|---|---|---|---|
| Dewey Decimal Classification | Non-fiction | Central Library, University of Rajshahi | Central Library, University of Rajshahi | 15/07/1968 | Herre Book | 6.50 | 382.92 PAK 1966 | 25/01/2014 | C-3 | Books | |||||
| Dewey Decimal Classification | Not For Loan | Non-fiction | Central Library, University of Rajshahi | Central Library, University of Rajshahi | Reading Room | 24/10/1968 | Worsi Book Centre. | 6.50 | 382.92 PAK 1966 | 24/02/2014 | C-1 | Books |